Statistiken für Deutsche Musiker nach Buchstabe - T

Klicken Sie hier um das Quiz zu spielen!

Allgemein

  • Dieses Quiz wurde 84 mal gespielt
  • Das Durchschnittsergebnis liegt bei 7 aus 20

Antwortstatistiken

Aktive JahreSongsAntwort% Korrekt
1982-Tage wie diese | Hier kommt AlexToten Hosen, die
91%
2001-Durch den Monsun | SchreiTokio Hotel
90%
2007-Lieder | Ist da jemandTawil, Adel
73%
1995-2001, 2005-2007Ich find’ dich scheiße | Verpiss' dichTic Tac Toe
61%
1977-Beinhart | Presslufthammer B-B-BernhardTorfrock
46%
2018-We Made It | SehnsuchtT-Low
43%
2009-2022Bleib in der Schule | FledermauslandTrailerpark
42%
1996-No No Never | I Promise All My Love TonightTexas Lightning
39%
1979-1986Da Da Da ich lieb dich nicht du liebst mich nicht aha aha aha | Herz ist Trumpf (Dann rufst du an …)Trio
39%
2006-Helikopter 117 (Mach den Hub Hub Hub) | Jetzt ist der Teufel losTobee
34%
2006-Knöcheltief | Grauer BetonTrettmann
32%
1973-Ich möcht’ so gern Dave Dudley hör’n | Der wilde, wilde WestenTruck Stop
27%
2018-Lebenslang | Zelten auf KiesTream
23%
1970-1985, 2014-Macht kaputt was euch kaputt macht | Rauch-Haus-SongTon Steine Scherben
20%
2022-Gönn dir | Hot Or NotTwenty4tim
18%
1993-Hi Freaks | Pure Vernunft darf niemals siegenTocotronic
11%
1991-Ich sang die ganze Zeit von dir | Die Schönheit Der ChanceTomte
10%
2005-Drop That Low (When I Dip) | Boneless (Delirious)Tujamo
8%
1995-Loneliness | SureshotTomcraft
6%
1967-Love On A Real Train | Das Mädchen auf der Treppe/White EagleTangerine Dream
4%

Verteilung der Resultate

Perzentil nach korrekt beantworteten Fragen

Anzahl Personen mit jedem Resultat

Ihre Resultats-Entwicklung

Sie haben dieses Quiz noch nicht gespielt